Festival gimnástico : ofrecido por los alumnos de los hogares 'Ana G. de Mundet' a la Excma. Diputación Provincial de Barcelona : 4 de Mayo de 1975 ofrecido por los alumnos de los hogares 'Ana G. de Mundet' a la Excma. Diputación Provincial de Barcelona :
Descripción Física:
1 díptic ; 21 cm
MARC
| LEADER | 00000nam a2200000Ia 4500 | ||
|---|---|---|---|
| 001 | 20057 | ||
| 008 | 160829s1975 xx 000 0 cat d | ||
| 080 | |a FU-12-33 | ||
| 245 | |a Festival gimnástico : |b ofrecido por los alumnos de los hogares 'Ana G. de Mundet' a la Excma. Diputación Provincial de Barcelona : |b 4 de Mayo de 1975 | ||
| 260 | |a Barcelona : |b C. P. Caridad. Imp. - Escuela, |c 1975 | ||
| 300 | |a 1 díptic ; |c 21 cm | ||
| 590 | |a És el programa del festival | ||
| 610 | 0 | |a Llars Mundet |9 3004 | |
| 650 | |a Gimnàstica |x Barcelona |9 45220 | ||
| 710 | |a Casa de Caritat (Barcelona, Catalunya) |9 52406 | ||
| 901 | |a Arxiu | ||
| 942 | |n 1 | ||
| 952 | |0 0 |1 0 |4 0 |6 FU1233 |7 1 |9 52453 |a Arxiu |b Arxiu |d 2016-12-01 |l 0 |o FU-12-33 |p 20057 |r 2016-12-01 00:00:00 |w 2016-12-01 |y ARXIU | ||
| 999 | |c 56301 |d 56301 | ||